000 00358nam a22001577a 4500
999 _c522596
_d522596
003 NUST
020 _a8170622468
038 _awaseem
082 _a355.33041
_bNEW
100 _aNewman, Aubrey S.
_912639
245 _aFollow Me /
_cAubrey S. Newman
260 _aLahore :
_bS.B.C,
_c1992.
300 _a267 p. ;
500 _aHardcover.
942 _2ddc
_cBK